000 00685nam a2200217 a 4500
999 _c4419
_d4419
001 4419
003 BD-JhCC
005 20171127113306.0
008 171127s1974 bg |||| |a|| 000 0 ben d
035 _a(BD-JhCC)4419
040 _aBD-JhCC
_dBD-JhCC
041 _aben
082 _a354.9205
_bALA 1974
100 _aআলম, মাহবুব-উল
245 _aরক্ত-আগুন-অশ্রুজল-স্বাধীনতা /
_cমাহবুব-উল আলম
260 _aচট্টগ্রাম :
_bসপ্ত ডিঙ্গা,
_c1974.
300 _a336 p. :
_c20 cm.
650 _aLiberation War
_zBangladesh
942 _2ddc
_cBK